[Event "RUS-chT 12th"]
[Site "Sochi"]
[Date "2005.04.27"]
[Round "9"]
[White "Bareev, Evgeny"]
[Black "Rublevsky, Sergei"]
[Result "1/2-1/2"]
[WhiteElo "2709"]
[BlackElo "2645"]
[Annotator "Ribli,Z"]
[PlyCount "197"]
[EventDate "2005.04.19"]
[EventType "team-tourn"]
[EventRounds "11"]
[EventCountry "RUS"]
[SourceTitle "EXT 2020"]
[Source "ChessBase"]
[SourceDate "2019.10.17"]
[SourceVersion "1"]
[SourceVersionDate "2019.10.17"]
[SourceQuality "1"]
[WhiteTeam "Samara Termosteps"]
[BlackTeam "Kazan Ladya"]
[WhiteTeamCountry "RUS"]
[BlackTeamCountry "RUS"]

1. c4 e5 2. Nc3 Nf6 3. Nf3 Nc6 4. g3 Bb4 {Diese Variante wird seltener
gespielt, als die Alternative 4...d5.} 5. Nd5 e4 {Die gewöhnlichen
Fortsetzungen sind hauptsächtlich 5...Bc5 oder 5...Nxd5.} 6. Nh4 O-O 7. Bg2 Re8
8. O-O Bc5 (8... d6 9. d3 exd3 10. Qxd3 Ne5 11. Qc2 $14) 9. d3 exd3 10. Qxd3
Ne5 11. Qc3 (11. Qc2 c6 12. Be3 cxd5 13. Bxc5 d6 14. Bd4 dxc4 15. Rad1 (15.
Rfd1 d5 $5) 15... d5 $1 16. e4 (16. Nf5 Nc6 $15) 16... Bg4 $1 17. f3 (17. Rd2
Nd3 18. exd5 Rc8 $15) 17... Bd7 18. exd5 b5 19. Bxe5 $6 (19. Rfe1 Nd3 20. Rxe8+
Nxe8 (20... Qxe8 21. Qd2 $11) 21. b3 Rc8 22. Bf1 $13) 19... Rxe5 20. f4 Qb6+
21. Kh1 Ree8 {0-1 Lautier,J-Kasparov,G/Moscow (m/1-rapid) 2002  (45)}) 11...
Nxd5 (11... c6 12. Be3 $1 (12. Nxf6+ Qxf6 13. b4 Bf8 14. Bd2 (14. Bb2 $6 Nxc4
15. Qxf6 gxf6 16. Bc3 Rxe2 17. Rfe1 Re6 18. Bh3 Rxe1+ 19. Rxe1 d5 20. Bf5 Bxf5
21. Nxf5 Nd6 22. Nxd6 Bxd6 23. a3 Kg7 24. g4 c5 {0-1 Stangl,M-Rabiega,R/Velden
AUT 2004 (36)}) 14... d6 15. f4 $6 Ng4 16. Qd3 d5 17. e4 dxe4 18. Bxe4 Rd8 19.
Qc3 Qd4+ {0-1 Ivanov,S-Raetsky,A/Graechen 1999/EXT 2002 (19)}) 12... cxd5 13.
Bxc5 d6 14. Bd4 Ne4 15. Qc1 Nxc4 16. b3 Ne5 17. Qb2 Qe7 18. Rad1 Bd7 19. Rfe1 {
1-0 Arkhipov,S-Razuvaev,Y/Moscow 1992/EXT 97 (97)}) 12. cxd5 d6 13. b4 Bb6 14.
Nf3 {Ein logischer positioneller Zug, da Weiß den starken schwarzen Springer
tauschen möchte.} (14. Bb2 a5 15. a3 (15. Nf3 Nxf3+ 16. Bxf3 f6 17. a3 Bf5 18.
Qc4 Qe7 19. Bd4 Bxd4 20. Qxd4 axb4 21. Qxb4 b6 22. Rfc1 Ra5 23. Rc3 {1-0
Vaulin,A-Solodovnichenko,Y/Bydgoszcz 1999/EXT 2000 (45)}) 15... axb4 16. axb4
Rxa1 17. Bxa1 Qg5 (17... Bg4 18. Nf3 Qf6 19. Nxe5 Qxe5 20. e3 Qxc3 21. Bxc3 Ra8
22. Ra1 Rxa1+ 23. Bxa1 Be2 {1/2-1/2 Kochyev,A-Makarichev,S/Frunze 1979/MCL (27)
}) 18. h3 f6 19. Kh2 Ng6 20. f4 Qh5 21. Nxg6 Bxh3 $1 $19 22. Bf3 Rxe2+ 23. Bxe2
Qxe2+ 24. Kxh3 Qxf1+ {0-1 Timman,J-Gereben,E/Madrid 1971/EXT 99 (24)}) 14... a5
$11 {Weiß hat Raumvorteil dank seines d5-Bauern, aber die schwarze Stellung
ist gefestigt.} (14... Bg4 15. Bb2 $11) 15. Nxe5 axb4 16. Qxb4 Rxe5 17. e3 {
Weiß muss den Wirkungskreis des b6-Läufers beschränken.} Bc5 18. Qb3 Bd7 {
[%cal Gd7a4]} 19. a4 Ra6 (19... b6 20. Bb2 Re8 21. a5 Rxa5 22. Qc3 Qg5 23. Rxa5
bxa5 24. Qxa5 Bb6 25. Qc3 $11 {Weiß hat wegen des Raumvorteils mikroskopisch
kleine Initiative.}) 20. Bd2 Qa8 21. a5 b6 {Schwarz muss den gefährlichen
a5-Bauern tauschen.} 22. Bc3 Re8 23. Qb2 $14 {[%cal Gb2h8]} f6 24. axb6 cxb6 $1
{Auf diese Weise bekommt Schwarz Gegenspiel; im weiteren Spielverlauf wird
sein b-Bauern stark .} (24... Bxb6 25. Qc2 $14 {[%cal Gg2e4,Gc2h7]}) 25. h4 b5
26. h5 b4 27. Bxf6 $5 {[%mdl 512] Weiß opfert die Figur für zwei Bauern und
Initiative.} (27. Bxb4 $4 Rb8 $19) 27... gxf6 28. Qxf6 Rf8 29. Qg5+ Kf7 30. h6
$44 {[%csl Rf7,Gg5,Gh6,Rh7]} Rg8 (30... Ke8 31. Qg7 $44) 31. Qf4+ Ke8 32. Qe4+
Kf8 33. Qf4+ Ke8 34. Qe4+ Kf8 35. Rxa6 Qxa6 36. Qxh7 {Weiß hat drei Bauern für
die Figur und Angriffschancen.} Qc8 {[%cal Rd7f5,Rf5h7] Die schwarze Drohung
ist 37...Bf5 mit Damenfang.} 37. Ra1 $1 {[%csl Ga1][%cal Ga1a8]} Qe8 (37... Bf5
$2 38. Ra8 Bxh7 (38... Qxa8 39. Qxf5+ Ke8 40. Qe6+ Kf8 41. Qf6+ Ke8 42. h7 $18)
39. Rxc8+ Kf7 40. Rc7+ Kg6 41. Be4+ $18) 38. Be4 b3 39. Kg2 b2 40. Ra2 (40. Rb1
$2 Ba3) 40... Qe5 41. Qxd7 (41. Rxb2 Qxb2 42. Qxd7 Qf6 43. h7 Rh8 44. Qc8+ Kg7
45. Qg4+ $11 {Weiß hat vier Bauern für den Turm und eine aktive Stellung.}) (
41. Ra8+ Be8 42. Rb8 Rh8 43. Qg6 $11) 41... Qxe4+ 42. Kh2 Qe8 43. Qf5+ (43.
Qxe8+ Kxe8 44. Rxb2 Kf7 $11) 43... Qf7 44. Qc8+ (44. Ra8+ Ke7 $11) 44... Ke7
45. Qb7+ Kf6 46. Qxb2+ Kg6 47. Ra4 Kh7 48. Qc2+ Rg6 49. Rg4 Kxh6 $11 {[%mdl
4096] Wir haben eine dynamisch ausgeglichene Stellung: Weiß hat drei Bauern
für die Figur. Die schwarze Königsstellung ist ein wenig unsicher, aber er
kann das Gleichgewicht halten.} 50. Rh4+ (50. Rxg6+ Qxg6 51. Qxg6+ Kxg6 52. Kg2
Kf5 53. Kf3 Ke5 54. Ke2 Kxd5 55. Kd3 $11) 50... Kg7 51. Qb2+ Rf6 (51... Qf6 $2
52. Qb7+ Kg8 53. Qh7+ Kf8 54. Rf4 $18) 52. Rg4+ Kh7 53. Qb1+ Kh8 (53... Rg6 $11
) 54. Qb8+ Kh7 (54... Qf8 $11) 55. Qb1+ Kh8 (55... Rg6 $11) 56. Rh4+ Kg8 57.
Qb8+ Qf8 58. Rg4+ Kh8 59. Qb2 Qf7 60. Rf4 Kg7 61. Kg1 Qg6 (61... Kg6 $11) 62.
Kg2 Qg5 63. Qb7+ Kg6 64. Qb1+ Kg7 65. Rxf6 Kxf6 (65... Qxf6 $11) 66. Qe4 Qf5
67. Qc4 (67. Qf4 Qxf4 68. gxf4 Kf5 69. Kf3 $11) 67... Kg6 68. g4 Qe5 69. Qd3+
Kg7 70. Kf1 Kf6 71. Ke2 {Weiß verteidigt vorher seinen e3-Bauern und möchte
f2-f4 ziehen.} Qb2+ 72. Kf3 Qe5 73. Qb3 (73. Ke2 Qb2+ $11) 73... Kg6 74. Qb1+
Kg7 75. Qb7+ Kg6 76. Qb1+ Kg7 77. Qb3 (77. Qb7+) 77... Kf6 78. Ke2 $6 (78. Qb7
$11) 78... Qe4 $15 {[%csl Ge4] Nach diesem Zug "hängt" der Pg4, sodass Weiß
seine Stellung schwächen muss.} 79. f3 Qe5 80. Qd3 Qb2+ 81. Kf1 Kg5 {[%csl Gg5]
} 82. Qe2 (82. Qh7 $1 Qd2 83. Qf5+ Kh4 (83... Kh6 84. Qf6+ $11) 84. Qf6+ Kg3
85. Qf4+ Kh3 86. Qh6+ $11) 82... Qc1+ 83. Kf2 Qh1 84. f4+ (84. Qd3 Qh2+ 85. Kf1
Qh3+ $11) 84... Kh4 85. g5 (85. Qf3 Qh2+ 86. Kf1 Qg3 87. Ke2 Qxg4 88. e4 $11)
85... Qxd5 $17 86. Qc2 (86. g6) 86... Kg4 87. Qe2+ Kf5 {Es ist jetzt Schwarz,
der die Züge nicht wiederholen möchte.} 88. Kg3 Qe4 89. Kh4 Qh1+ 90. Kg3 Qg1+
91. Kh4 Qh1+ 92. Kg3 Qe4 93. Kh4 Qh1+ 94. Kg3 Qe4 95. Kh4 {Weiß konnte schon
das dreimalige Spiegelbildstellung reklamieren! Wir haben dieselbe Stellung
nach 89.Kh4, 91.Kh4 und jetzt mit 95.Kh4.} Bxe3 $2 (95... Ke6 $17) 96. Qg4+ $11
Kg6 97. Qh5+ Kg7 98. Qh6+ {[%cal Rh6d6,Rh6g7] Auf diese Weise kann Weiß den
letzten schwarzen Bauern vernichten.} Kg8 99. Qxd6 1/2-1/2

[Event "Sigeman & Co 13th"]
[Site "Malmo/Copenhagen"]
[Date "2005.04.17"]
[Round "3"]
[White "Timman, Jan H"]
[Black "Hector, Jonny"]
[Result "1-0"]
[WhiteElo "2607"]
[BlackElo "2513"]
[Annotator "Ribli,Z"]
[PlyCount "121"]
[EventDate "2005.04.15"]
[EventType "tourn"]
[EventRounds "9"]
[EventCountry "SWE"]
[EventCategory "13"]
[SourceTitle "CBM 107"]
[Source "ChessBase"]
[SourceDate "2005.08.01"]
[SourceVersion "1"]
[SourceVersionDate "2005.08.01"]
[SourceQuality "1"]

1. c4 Nf6 2. Nc3 e5 3. Nf3 Nc6 4. g3 Nd4 {Dieser Springerzug wird heutzutage
selten gespielt. Die populären Alternativen sind 4...Bc5, 4...Bb4 und
hauptsächtlich 4...d5} 5. Bg2 Nxf3+ 6. Bxf3 Bb4 7. Qb3 Bc5 {Timman spielt
diese Variante auch mit Schwarz.} 8. d3 {Ein schlauer Zug. Im Falle von 8...h6,
gerichtet gegen 9.Bg5, kann Weiß entweder mit 9.g4!?, oder mit 9.h4! am
Königsflügel angreifen.} (8. Na4 Be7 9. O-O O-O 10. Rd1 d6 11. Nc3 Nd7 12. d4
Bf6 13. dxe5 Bxe5 14. Be3 {1-0 Gelfand,B-Timman,J/Wijk aan Zee 1998/CBM 62 ext
(47)}) 8... O-O (8... h6 9. h4 $1 (9. g4 $5 c6 (9... d6 $13) 10. h4 d5 (10...
d6 11. g5 (11. Rg1 Qb6 12. Qxb6 Bxb6 $14) 11... hxg5 12. Bxg5 (12. hxg5 Rxh1+
13. Bxh1 Ng4 14. Ne4 Bb6 15. Qa3 Bc7 16. Bd2 $14) 12... Qb6 13. Qxb6 Bxb6 14.
Na4 Ba5+ 15. Kf1 Be6 16. Rb1 Bd8 17. Nc3 Nh5 {0-1 Azmaiparashvili,Z-Timman,J/
Oviedo 1993/CBM 38 ext (53)}) (10... Be7 11. g5 hxg5 12. Bxg5 d6 13. O-O-O Qc7
14. Rdg1 Be6 15. Be3 Bf8 16. h5 d5 17. Bg5 {1-0 Mikhailuk,S-Sagalchik,G/
Seattle 2002/CBM 87/[Hecht] (61)}) 11. g5 hxg5 12. hxg5 Rxh1+ 13. Bxh1 Ng4 14.
cxd5 $1 Bxf2+ 15. Kd1 Bb6 16. Kc2 Bd7 17. dxc6 bxc6 (17... Bxc6 18. Bxc6+ bxc6
19. Qc4 Qd7 20. g6 $16) 18. Bd2 Be3 19. Rf1 Qe7 20. Ne4 {1-0 Gulko,B-Hector,J/
Kobenhavn 2000/(31)}) 9... Nh7 $2 (9... d6 $2 10. Bxb7) (9... O-O 10. g4 Nh7
11. g5 $40) 10. Ne4 $1 Be7 11. Qb5 c5 $6 12. Be3 a6 13. Qa4 Qc7 14. Nc3 $16 {
1-0 Piket,J-Avrukh,B/Amsterdam 2001/(39)}) (8... c6 $5 9. g4 d6 10. g5 Ng8 (
10... Nd7 $5) 11. Ne4 (11. Na4 Ne7 $6 (11... Qa5+ 12. Kf1 (12. Bd2 $2 Bxf2+ $1)
12... Bb4 $5 13. a3 Bd2) 12. Nxc5 dxc5 13. Be4 $1 (13. Be3 Qd6 {[%cal Ge7f5,
Gf5d4]}) 13... O-O 14. h4 Nf5 15. Qc3 $14 {0-1 Vallejo Pons,F-Gelfand,B/
Pamplona 1999/ (41)}) 11... Bb6 (11... Ne7) 12. Qa3 Bc7 13. c5 (13. Bd2 Ne7 14.
Bb4 Nf5) 13... dxc5 (13... d5 14. Nd6+ $13) 14. Qxc5 Ne7 15. Bd2 Be6 16. Qa3 b6
17. Rc1 Bd5 18. Bg4 a5 19. Rg1 c5 20. Nc3 Bc6 21. Qb3 O-O $13 {1-0 Zvjaginsev,
V-Svidler,P/Moscow 2001/ (44)}) 9. Bg5 (9. O-O h6) 9... c6 {Mit diesem Zug
beschränkt Schwarz die Aktivitäten des f3-Läufers.} (9... h6 10. Bxf6 Qxf6 11.
O-O (11. Ne4 Qe7 12. Nxc5 Qxc5 13. O-O d6 14. Qc3 a5 15. Rfd1 {1/2-1/2
Gheorghiu,F-Smejkal,J/Moscow 1977/EU-chT (15)}) 11... d6 12. Bg2 c6 13. e3 Bb6
14. Qc2 Bf5 15. b4 Qg6 16. Rad1 Rac8 17. Qb3 Be6 18. d4 exd4 19. exd4 Bg4 20.
Rd2 {1/2-1/2 Gulko,B-Ivanov,A/Seattle 2000/CBM 80 no vc (20)}) 10. O-O h6 11.
Bxf6 Qxf6 12. Ne4 Qe7 13. Nxc5 Qxc5 $11 {Weiß ist besser entwickelt, aber die
schwarze Stellung ist sicher.} 14. Qc3 a5 {Schwarz verteidigt sich gegen 15.b4.
} 15. a3 (15. Rfd1 d6 16. d4 exd4 17. Qxd4 Be6 $11) 15... a4 16. Rfc1 (16. Rfd1
d6 17. d4 exd4 18. Qxd4 Be6 $11) 16... Qe7 17. c5 d5 (17... d6 18. cxd6 (18. d4
exd4 19. Qxd4 dxc5 20. Qxc5 Qxc5 21. Rxc5 Be6 $11)) 18. cxd6 Qxd6 19. Qb4 $6 (
19. b4 axb3 20. Qxb3 $11) 19... Qc7 (19... Qxb4 $5 20. axb4 Be6 21. Rc5 (21. b5
cxb5 22. Bxb7 Rab8 $15) 21... f6 22. b5 Ra5 23. Rac1 Rxb5 24. Rxb5 cxb5 25.
Bxb7 Rb8 $15) 20. Rc5 Be6 21. Rac1 Rfd8 22. Rb5 $6 {Alles ist verteidigt am
schwarzen Damenflügel; mit dem Turmzug kann Weiß nichts erreichen.} Rd7 23. h4
Bb3 {[%csl Ga4,Gb3] Der Läufer steht ausgezeichnet auf b3 und dominiert am
Damenflügel.} 24. Rb6 Rf8 25. Qc5 {[%cal Gf7f5]} f5 $2 {Wäre prinzipiell gut,
wenn Schwarz einen Angriff am Königsflügel beabsichtigt.} (25... Re7 26. Rb4 f5
$15) 26. Rb4 $2 (26. Rxb3 $1 axb3 27. Bd5+ {[%cal Rd5g8,Rc5f8]} Rxd5 28. Qxd5+
Rf7 29. Qxb3 $16) 26... Rf6 $15 27. Bg2 Re7 28. Qb6 Qd7 (28... Qxb6 29. Rxb6 g5
$15) 29. Qa7 Rff7 30. Qc5 Qe6 31. Qe3 Qf6 32. Qf3 e4 $1 $17 {[%csl Ra3,Rb2,Gf6]
[%cal Rf6b2] Mit diesem Durchbruch aktiviert Schwarz seine Dame und gewinnt
die Bauern auf b2 und a3.} 33. dxe4 Qxb2 {[%csl Gb2][%cal Rb2a3,Rb2c1]} 34. Rd1
(34. Qc3 Qxe2 $17) 34... Qxa3 35. Rd8+ Kh7 36. Rbd4 Qa1+ 37. Kh2 Bd5 $6 {
[%csl Rd4][%mdl 64] Dieser Zug ist sehr schön und es scheint, dass Schwarz
sofort gewinnt , jedoch besitzt Weiß Gegenspiel.} (37... c5 $1 $19 {[%csl Rd4]}
) 38. Qd3 $8 fxe4 (38... Bxe4 39. Rxe4 (39. Bxe4 $2 fxe4 40. Rxe4 Rxf2+ 41. Kh3
Qh1+ $19) 39... fxe4 40. Bxe4+ {Das führt zur Partiefortsetzung.}) 39. Rxe4
$132 (39. Bxe4+ $2 Bxe4 $19) 39... Bxe4 40. Bxe4+ Rxe4 41. Qxe4+ {[%mdl 4096]}
g6 42. f4 {Weß hat einen Bauern weniger, aber die schwarze Königsstellung ist
schwach und Weiß hat das aktivere Figurenspiel.} Qf6 43. h5 Re7 (43... Qxd8 $2
44. Qxg6+ (44. hxg6+ Kg7 45. gxf7 Kxf7 46. Qxa4 $11 (46. Qh7+)) 44... Kh8 45.
Qxf7 a3 46. e4 b5 47. e5 b4 48. e6 $18) 44. hxg6+ Kg7 45. Qd3 Rxe2+ 46. Kh3 (
46. Qxe2 $2 Qxd8 47. Qe6 Qd2+ 48. Kg1 Qd5 49. Qe7+ Kxg6 50. Qxb7 a3 $19) 46...
Re7 47. f5 a3 48. Ra8 Qe5 (48... b5) 49. Qf3 Qf6 50. Qd3 (50. Rxa3) 50... Qe5
51. Qf3 Qf6 52. Rxa3 $1 Re5 (52... Rd7) 53. g4 $36 {Die Stellung ist materiell
gleich, aber Weiß hat die Initiative. Die verbundene Freibauern von Schwarz
sind hingegen nicht gefährlich.} h5 54. Re3 hxg4+ 55. Kxg4 Rd5 56. Qf4 Qd8 (
56... Rd4 57. Re7+ $1 (57. Re4) 57... Kg8 (57... Qxe7 58. Qxd4+ $18) 58. Re4
Rxe4 59. Qxe4 Kg7 (59... b5 60. Qe6+ Kg7 61. Qxf6+ Kxf6 62. Kh5 Kg7 63. f6+ $18
) 60. Kh5 $18) 57. Re4 $1 $18 {[%cal Rf4g5] Die tödliche weiße Drohung ist 58.
Qg5 und Schwarz hat keine Verteidigung.} c5 58. Qg5 Qxg5+ 59. Kxg5 b5 60. Re7+
Kf8 61. g7+ 1-0

[Event "Tilburg"]
[Site "Tilburg"]
[Date "1994.??.??"]
[Round "3"]
[White "Portisch, Lajos"]
[Black "Salov, Valery"]
[Result "1/2-1/2"]
[WhiteElo "2610"]
[BlackElo "2710"]
[Annotator "Ribli,Z"]
[PlyCount "87"]
[EventDate "1994.09.??"]
[EventType "k.o."]
[EventRounds "7"]
[EventCountry "NED"]
[SourceTitle "CBM 044"]
[Source "ChessBase"]
[SourceDate "1995.02.01"]
[SourceVersion "1"]
[SourceVersionDate "1995.02.01"]
[SourceQuality "1"]

1. c4 e5 2. Nc3 Nf6 3. g3 Bb4 4. Nf3 Nc6 5. Bg2 O-O 6. O-O Bxc3 7. bxc3 Re8 8.
d3 e4 9. Nd4 h6 (9... exd3 10. exd3 h6 (10... Nxd4 11. cxd4 d6 12. Rb1 $14 {
Uhlmann,W-Krasenkov,M/Bundesliga 9293/INF56,40/}) 11. Be3 $14 {Gurevich,
M-Salov,V/Linares/1991/CBM22/INF51,40/}) 10. dxe4 Nxe4 11. Qc2 d5 12. cxd5 Qxd5
13. Rd1 $5 (13. e3 Na5 $1 14. f3 Nd6 15. e4 Qc5 16. Be3 Ndc4 17. Bf2 Qe7 $13 {
Kasparov,G-Karpov,An/Sevilla m/1987/INF44,21/}) 13... Bf5 14. Qb2 $1 (14. Nxf5
Qxf5 15. f3 Nxg3 $13 {Karpov}) 14... Nxd4 (14... Rad8 15. Be3 $1 (15. f3 $2
Nxc3 16. Qxc3 Nxd4 $19) 15... Nxd4 16. Rxd4 $16) 15. cxd4 (15. Rxd4 Qc5 $13)
15... Qd7 16. Bf4 c6 17. a4 (17. Rac1 $5 Rad8 18. f3 Nf6 19. e4 $14) 17... Rad8
18. a5 Nf6 19. Ra3 Nd5 20. Bc1 Re7 21. f3 Nc7 22. e4 Be6 23. Be3 (23. Qxb7 $2
Nb5 24. Qxd7 Rexd7 $15) 23... Nb5 24. Rad3 a6 25. g4 Qd6 26. Bf2 Bc4 27. R3d2
Qa3 28. Qxa3 Nxa3 29. d5 Nb5 (29... cxd5 $2 30. Bc5 $18) 30. Bb6 Rc8 31. d6 $6
(31. dxc6 $5 $14) (31. Rc1 $5 $14) 31... Rd7 32. f4 f6 33. Bc5 (33. h4 $5)
33... g5 $1 34. Rc1 Be6 35. fxg5 hxg5 36. h3 Re8 37. Kf2 Bf7 38. Kg3 Re5 39.
Bb4 Kg7 40. Rc5 Re6 41. Rc1 Bg6 42. Rc4 Bf7 43. Rc1 Bg6 44. Rc4 1/2-1/2

[Event "Hoogovens op"]
[Site "Wijk aan Zee"]
[Date "1993.01.??"]
[Round "12"]
[White "Kortschnoj, Viktor Lvovich"]
[Black "Tukmakov, Vladimir B"]
[Result "1/2-1/2"]
[WhiteElo "2605"]
[BlackElo "2605"]
[Annotator "Ribli,Z"]
[PlyCount "61"]
[EventDate "1993.01.??"]
[EventType "swiss"]
[EventRounds "12"]
[EventCountry "NED"]
[SourceTitle "CBM 034"]
[Source "ChessBase"]
[SourceDate "1993.06.01"]
[SourceVersion "1"]
[SourceVersionDate "1993.06.01"]
[SourceQuality "1"]

1. c4 {Kortschnoj} e5 2. Nc3 Nf6 3. Nf3 Nc6 4. g3 d5 5. cxd5 Nxd5 6. Bg2 Nb6 7.
O-O Be7 8. a3 O-O 9. b4 Be6 10. Rb1 f6 11. d3 a5 12. b5 (12. bxa5 $1 Rxa5 13.
Nb5 Qd7 14. Be3 Nd5 15. Bd2 Ra6 16. Qc2 Nb6 (16... Nd8 17. e4 Rc6 18. Qd1 Nb6
19. Be3 Nf7 20. d4 Ba2 21. Rb2 Bc4 22. Re1 Rd8 23. d5 Bxb5 24. Rxb5 Rc4 25. Qb1
Nd6 26. Rb3 {Serper,G-Mainka,R/Vienna op (9)/1991/1-0 (44)}) 17. Be3 Bxa3 18.
Nxa3 Rxa3 19. Bxb6 cxb6 20. Rxb6 Rfa8 21. Rfb1 Ra2 22. Qd1 R8a7 23. Nd2 Qc7 24.
h3 R2a6 25. R6b2 Ra2 26. Rb6 {Csom,I-Mainka,R/Budapest Noviki-A (1)/1990/1-0 
(44)}) 12... Nd4 13. Ne1 $1 $146 (13. Nd2 Bd5 (13... Rb8 14. e3 Nf5 15. Nb3 a4
16. Na5 Nd6 17. Bd2 Qd7 18. Nxa4 Nxa4 19. Qxa4 Ra8 20. Qd1 Nxb5 21. a4 Nd6 22.
Nxb7 Nxb7 23. Rxb7 Rfc8 24. Bb4 Bd8 25. a5 Bd5 26. Bxd5+ {Lima,D-Miralles,G/
Las Palmas/1989/1-0 (45)}) (13... c6 14. bxc6 bxc6 (14... Nxc6 15. Nc4 Nxc4 (
15... Ra6 16. Nxb6 Rxb6 17. Rxb6 Qxb6 18. Nd5 Qd8 19. Nxe7+ Qxe7 20. Bb2 Qd7
21. f4 Bd5 22. fxe5 fxe5 23. Rxf8+ Kxf8 24. Qc1 Bxg2 25. Qc5+ Qe7 26. Qf2+ {
Foisor,C-Luecke,N/Olot op (07)/1992/0.5 (50)}) 16. dxc4 Bxc4 17. Rxb7 Nd4 18.
e3 Bxf1 19. Kxf1 Rc8 20. Nd5 Nc6 21. Rd7 Qxd7 22. Nxf6+ Bxf6 23. Qxd7 Nb4 24.
Bd2 Rcd8 25. Qe6+ Kh8 26. Be1 {Winants,L-Luecke,N/Nettetal (04)/1992/0.5 (50)})
15. e3 Nf5 16. Qc2 Nd5 17. Na4 Rc8 18. Nc4 c5 19. Bd2 Nb4 20. axb4 cxb4 21.
Nab2 Nd6 22. Rfd1 Nb5 23. Ra1 f5 24. Be1 Bf6 25. Rdc1 e4 26. d4 {Sturua,
Z-Kakhiani,K/Tbilisi/1991/1-0 (33)}) (13... Nd5 14. Bxd5 Bxd5 15. e3 Be6 16.
exd4 Qxd4 17. Nde4 Rad8 18. b6 c6 19. Be3 Qxd3 20. Qxd3 Rxd3 21. Bc5 Bxc5 22.
Nxc5 Rxc3 23. Nxe6 Re8 24. Nc7 Rd8 25. Rfd1 Rcd3 26. Rxd3 {Winants,L-Beikert,G/
French Tch/1992/1-0 (33)}) (13... Qc8 14. e3 Nf5 15. Bb2 Rd8 16. Qc2 a4 17.
Rfd1 Ra5 18. Nc4 Nxc4 19. dxc4 Bxc4 20. Rxd8+ Bxd8 21. Nxa4 Nd6 22. Nc3 Bxb5
23. Nxb5 Rxb5 24. Rd1 Qg4 25. Bc3 Be7 26. a4 {Wedberg,T-Tiviakov,S/Haninge (09)
/1992/1-0 (37)}) 14. Nxd5 (14. e3 Bxg2 15. Kxg2 Ne6 16. Nf3 Qd7 17. d4 exd4 18.
exd4 Kh8 19. Re1 Rfe8 20. d5 Nf8 21. Qd4 Rad8 22. Bb2 Nxd5 23. Rbd1 Nxc3 24.
Qxc3 Qxb5 25. Rxd8 Bxd8 26. Rxe8 {Roos,C-Solozhenkin,E/Hyeres op/1992/0-1 (38)}
) 14... Nxd5 15. Bb2 (15. Bxd5+ Qxd5 16. a4 Bb4 17. Nb3 c6 18. e4 Qd7 19. Nxd4
exd4 20. Bd2 c5 21. Rc1 b6 22. f4 Rfe8 23. f5 Qf7 24. Bf4 Rac8 25. Qe2 Bc3 26.
g4 $17 {Ftacnik,L-Torre,E/Bacolod (8)/1991/1-0 (40)}) 15... a4 16. Bxd4 (16.
Ne4 Nxb5 17. Qc2 Bxa3 18. Qc4 c6 19. Nc3 Nbxc3 20. Bxc3 Rf7 21. Bd2 Qd6 22. f4
b5 23. fxe5 fxe5 24. Qa2 Bc5+ 25. Kh1 Rxf1+ 26. Rxf1 {Roesemann,R-Lingnau,C/
Dortmund op (6)/1991/0-1 (35)}) 16... exd4 17. Bxd5+ Qxd5 18. Qc1 Bc5 19. Qc4
c6 20. bxc6 bxc6 21. Ra1 Rfe8 22. Rfe1 Bb6 23. Qxd5+ cxd5 24. Ra2 Ba5 25. Kf1
Rab8 26. Rc1 {Sunye Neto,J-Hansen,LB/Novi Sad olm/1990/0.5 (35)}) (13. Nxd4
exd4 14. Na4 Bd5 (14... Ba2 15. Nxb6 cxb6 16. Ra1 Bd5 17. Bxd5+ Qxd5 18. a4
Rad8 19. Qc2 Rfe8 20. Qa2 Bc5 21. Rd1 Kf7 22. Rd2 Ke6 23. Rc2 Qxa2 24. Raxa2
Kd5 25. Rc4 Re6 26. Kf1 {Foisor,C-Guzman Moneo,A/Zaragoza op/1992/1-0 (34)})
15. Bh3 Qe8 16. e4 dxe3 17. Bxe3 Nxa4 18. Qxa4 Qh5 19. Bg4 Qg6 20. Rbc1 Bd6 21.
Qd1 Qf7 22. Bc5 Rfd8 23. Re1 b6 24. Bxd6 Rxd6 25. Re3 f5 26. Bh5 {Contin,
D-Kharlov,A/Bern (2)/1992/0-1 (54)}) (13. Bb2 a4 14. Nxd4 exd4 15. Ne4 Ra5 16.
Nd2 Rxb5 17. Bxb7 Qd7 18. Ba1 Rxb1 19. Qxb1 Bxa3 20. Nf3 Rb8 21. Be4 c5 22. e3
Qc8 23. Nh4 Qd8 24. Qd1 g6 25. Qf3 f5 26. Bc6 {Blees,A-Yakovich,Y/Muenchen
op9293 (09)/1992/0.5 (63)}) 13... c6 (13... Bd5 $2 {Kortschnoj} 14. Nxd5 Nxd5
15. Bd2 a4 16. e3 Nb3 17. Rxb3 axb3 18. Qxb3 c6 19. bxc6 bxc6 20. e4 $18) 14.
bxc6 Nxc6 15. Be3 Nd5 16. Nxd5 Bxd5 17. Rxb7 (17. Qa4 $142 {Kortschnoj}) (17.
Rb5 $142 {Kortschnoj}) 17... a4 (17... Bxa3 18. Qa4 $14) (17... Bxa3 $5 $13 {
Kortschnoj}) 18. Rb5 Bxg2 19. Nxg2 Nd4 (19... Bxa3 $2 20. Qc2 Qd6 21. Ra1 $16)
20. Bxd4 Qxd4 21. Qc2 (21. Qc1 Rfc8 $44) (21. Qa1 $1 {Kortschnoj}) 21... Kh8
22. Rb7 (22. Qa2 Qc3 23. Ra1 Rfb8 $44) 22... Bxa3 23. Ne3 Rfc8 24. Qa2 Bf8 25.
Nd5 Rab8 (25... Ra7 $1 $15 {Kortschnoj}) 26. Ne7 Bxe7 27. Rxe7 Rb3 28. e3 Qb4
29. Ra7 a3 30. Ra1 Rxd3 31. Rxa3 1/2-1/2

[Event "Hoogovens op"]
[Site "Wijk aan Zee"]
[Date "1993.01.??"]
[Round "7"]
[White "Kortschnoj, Viktor Lvovich"]
[Black "Adams, Michael"]
[Result "0-1"]
[WhiteElo "2605"]
[BlackElo "2630"]
[Annotator "Ribli,Z"]
[PlyCount "52"]
[EventDate "1993.01.??"]
[EventType "swiss"]
[EventRounds "12"]
[EventCountry "NED"]
[SourceTitle "CBM 034"]
[Source "ChessBase"]
[SourceDate "1993.06.01"]
[SourceVersion "1"]
[SourceVersionDate "1993.06.01"]
[SourceQuality "1"]

1. c4 Nf6 2. Nc3 e5 3. Nf3 Nc6 4. g3 Bb4 5. Nd5 e4 (5... Bc5 $5 6. Bg2 O-O 7.
d3 h6 8. a3 a5 9. Bd2 d6 $13 {Kortschnoj,V-Karpov,An Tilburg 1991 CBM/26}) 6.
Nh4 (6. Nxb4 Nxb4 7. Nd4 c5 8. Nb5 O-O 9. Bg2 Qe7 10. a3 Nc6 11. Nc7 Rb8 12.
Nd5 Nxd5 13. cxd5 Nd4 14. e3 Nf5 15. d3 exd3 16. Qxd3 d6 $13 {Steingerimsson,
H-Gronn,A Gausdal International 1991 CBM/25}) 6... d6 (6... Bc5 7. Bg2 d6 8.
O-O Be6 9. Nxf6+ Qxf6 10. Bxe4 Bxc4 11. Qa4 d5 12. d3 dxe4 13. Qxc4 Qd4 14. Qb5
Qb4 15. Qxb4 Nxb4 16. dxe4 O-O-O 17. Nf3 Rhe8 18. e5 $14 {Cvetkovic-Dorfman
Jugoslavia 1991 52/42}) 7. Nxb4 Nxb4 8. d4 $6 (8. a3 $1 Nc6 9. d3 O-O 10. Bg2
Re8 11. O-O h6 12. dxe4 Nxe4 13. Be3 a5 14. Qc2 $14 {Saidy-Browne San Antonio
1972}) 8... exd3 9. exd3 O-O 10. Be2 Bh3 $15 11. Be3 c5 12. a3 Nc6 13. Qd2 Na5
14. Qc2 Rb8 15. d4 (15. O-O-O b5 $36) 15... cxd4 16. Bxd4 Rc8 17. O-O-O Be6 18.
Nf5 Nxc4 19. Bxc4 Rxc4 20. Bc3 Bxf5 21. Qxf5 Ne4 $17 22. Rd4 Rxd4 23. Bxd4 Qc7+
24. Kd1 (24. Kb1 Nd2+ 25. Ka2 Qc4+ $19) 24... Qc6 25. Bxg7 (25. f3 Qa4+ $19)
25... Kxg7 26. f3 Rc8 (26... Rc8 27. Qxe4 (27. fxe4 Qc1+ 28. Ke2 Rc2+ 29. Kf3
Qxh1+ $19) 27... Qc1+ 28. Ke2 Rc2+ 29. Kd3 Qd2# $19) 0-1